000 00774cam a2200241 4500
001 3147
005 20230410103647.0
008 060907n2000 xx fre
020 _a294018917X
035 _9funglode3159
041 _aFR
050 1 4 _a300 DR 2887
_bC548n 2000
100 1 _aChomsky, Noam,
_d1928-
245 1 3 _aLe nouvel humanisme militaire :
_blecons du Kosovo /
_cNoam Chomsky
260 _aMonroe :
_bCommon Courage Press,
_c2000
300 _a293 p.
440 _aCollection Cahiers libres
650 4 _aIntervención extranjera -- Kosovo (Servia)
650 4 _aEstados Unidos -- Imperialismo.
650 4 _aKosovo (Servia) -- Historia -- Guerra civil, 1998.
650 4 _aKosovo (Servia) -- Historia -- Intervensión,1998.
942 _2lcc
_cbk
999 _c23424
_d23424